[Event "TUR-ch (Women)"]
[Site "Aksu"]
[Date "2017.03.10"]
[Round "8"]
[White "Micoogullari, Lara"]
[Black "Acarbay, Algi"]
[Result "1-0"]
[WhiteElo "1686"]
[BlackElo "1800"]
[PlyCount "83"]
[EventDate "2017.03.06"]
[EventType "swiss"]
[EventRounds "9"]
[EventCountry "TUR"]
[SourceTitle "CBM 177 Extra"]
[Source "ChessBase"]
[SourceDate "2017.04.27"]
[SourceVersion "1"]
[SourceVersionDate "2017.04.27"]
[SourceQuality "1"]

1. b3 d5 2. Nf3 Bg4 3. g3 Nd7 4. Bg2 e5 5. d3 Ngf6 6. 0-0 Bd6 7. Nbd2 0-0 8. Bb2 h6 9. Qe1 c6 10. e4 dxe4 11. dxe4 Be6 12. Qe2 Qe7 13. Nc4 Bxc4 14. Qxc4 Bc5 15. Nh4 Kh7 16. Bh3 g6 17. Rad1 Nb6 18. Qe2 Rad8 19. Rxd8 Rxd8 20. Kh1 Bd4 21. Bc1 Re8 22. Qd2 Ng8 23. f4 f6 24. a4 Bc5 25. Bb2 Rd8 26. Qe2 Bd4 27. c3 Bc5 28. fxe5 Qxe5 29. b4 Be7 30. c4 Qg5 31. Bc1 Qe5 32. a5 Nc8 33. Bf4 Qc3 34. Qg4 g5 35. Bxg5 Qe5 36. Bxh6 Nxh6 37. Qg6+ Kh8 38. Qxh6+ Kg8 39. Bf5 Qd6 40. Qh7+ Kf8 41. Ng6+ Ke8 42. Nh8 1-0